| 000 | 00000nam 2200000za 4500 |
| 001 | 9.822456 |
| 003 | CaOODSP |
| 005 | 20221107143701 |
| 007 | cr ||||||||||| |
| 008 | 160811s1994 onc||||#o i00| 0 eng d |
| 040 | |aCaOODSP|beng |
| 043 | |an-cn--- |
| 086 | 1 |aE100-2/2-90-1904-01E-PDF |
| 110 | 1 |aCanada.|bBinational Secretariat. |
| 245 | 10|aIn the matter of replacement parts for self-propelled bituminous paving equipment from Canada |h[electronic resource]. |
| 246 | 1 |iAt head of title : |aArticle 1904 Binational Panel review under the United-States-Canada Free-Trade Agreement |
| 246 | 30|aReplacement parts for self-propelled bituminous paving equipment from Canada |
| 260 | |aOttawa : |b[Binational Secretariat, Canada-United States Free Trade Agreement], |cc1994. |
| 300 | |aIn various pagings. |
| 500 | |aMay 24, 1991. |
| 500 | |aIssued also in French under title: Dans l'affaire de pièces de rechange pour les épandeuses automotrices de revêtements bitumineux du Canada. |
| 504 | |aIncludes bibliographical references. |
| 692 | 07|2gccst|aFree trade agreements |
| 692 | 07|2gccst|aInternational trade |
| 775 | 08|tAffaire intéressant les pièces de rechange pour les épandeuses automotrices de revêtements bitumineux du Canada |w(CaOODSP)9.822458 |
| 856 | 40|qPDF|s16.53 MB|uhttps://publications.gc.ca/collections/collection_2016/alena-sec-nafta/E100-2-2-90-1904-01-eng.pdf |
| 986 | |aUSA-90-1904-01 |